[Event "34. Copenhagen Open (Politiken Cup)"]
[Site "Elsinore"]
[Date "2012.07.29"]
[Round "3"]
[White "Haugli, Petter"]
[Black "Johansen, Kai Roger"]
[Result "1/2-1/2"]
[WhiteElo "2318"]
[BlackElo "2016"]
[PlyCount "143"]
[EventDate "2012.07.28"]
[EventType "swiss"]
[EventRounds "10"]
[EventCountry "DEN"]
[Source "ChessBase"]
[SourceDate "2012.08.24"]

1. d4 d5 2. c4 e6 3. Nc3 Nf6 4. cxd5 exd5 5. Bg5 Nbd7 6. e3 c6 7. Bd3 Bd6 8.
Nge2 O-O 9. Qc2 h6 10. Bh4 Re8 11. h3 Nf8 12. Rb1 a5 13. a3 Bd7 14. b4 axb4 15.
axb4 b5 16. O-O Qe7 17. Bxf6 gxf6 18. e4 dxe4 19. Nxe4 Bxb4 20. Qc1 f5 21. N4g3
Bd6 22. Qxh6 Qe6 23. Qh5 Qg6 24. Qh4 Be7 25. Qf4 Bd6 26. Qd2 Ra3 27. Qc2 Qg5
28. f4 Qf6 29. Ra1 Rxa1 30. Rxa1 Bxf4 31. Nh5 Be3+ 32. Kh1 Qh4 33. Nhg3 f4 34.
Nf5 Qf2 35. Rg1 Re6 36. Qd1 f3 37. gxf3+ Rg6 38. Ne7+ Kg7 39. Bxg6 Qxf3+ 40.
Rg2 Qxh3+ 41. Rh2 Qf3+ 42. Rg2 Bh3 43. Nf5+ Kf6 44. Nxe3 Nxg6 45. Kh2 Bxg2 46.
Nxg2 b4 47. Qd2 Ne7 48. Ng3 b3 49. Qb4 Ke6 50. Qe1+ Kd7 51. Qb4 Nd5 52. Qb7+
Nc7 53. Qb4 Qd3 54. Ne1 Qb5 55. Qxb5 Nxb5 56. Nd3 Nxd4 57. Kg2 Kd6 58. Kf2 Kd5
59. Nb2 c5 60. Nf1 f5 61. Ne3+ Ke4 62. Nec4 f4 63. Nb6 Ne6 64. N2c4 Kd4 65. Kf3
Kc3 66. Ke4 Nc7 67. Kxf4 Nd5+ 68. Ke5 Nxb6 69. Nxb6 b2 70. Na4+ Kc2 71. Nxb2
Kxb2 72. Kd5 1/2-1/2

[Event "34. Copenhagen Open (Politiken Cup)"]
[Site "Elsinore"]
[Date "2012.07.29"]
[Round "3"]
[White "Hedman, Erik"]
[Black "Skjoldager, Per"]
[Result "1/2-1/2"]
[WhiteElo "2381"]
[BlackElo "2062"]
[PlyCount "49"]
[EventDate "2012.07.28"]
[EventType "swiss"]
[EventRounds "10"]
[EventCountry "DEN"]
[Source "ChessBase"]
[SourceDate "2012.08.24"]

1. e4 c6 2. d4 d5 3. e5 Bf5 4. Nd2 e6 5. Nb3 Qc7 6. Nf3 Nd7 7. Be2 Ne7 8. O-O
c5 9. dxc5 Nc6 10. Nfd4 Qxe5 11. f4 Qf6 12. Be3 Be4 13. c4 Be7 14. cxd5 exd5
15. Rc1 O-O 16. Rc3 Qg6 17. g4 f5 18. g5 Qf7 19. a3 Rac8 20. Qc1 a6 21. Rf2
Ndb8 22. h4 Rfe8 23. Nxc6 Nxc6 24. Nd4 Bf8 25. b4 1/2-1/2

[Event "34. Copenhagen Open (Politiken Cup)"]
[Site "Elsinore"]
[Date "2012.07.29"]
[Round "3"]
[White "Helin, Mikael"]
[Black "Nielsen, Michael1"]
[Result "0-1"]
[WhiteElo "1905"]
[BlackElo "2127"]
[PlyCount "122"]
[EventDate "2012.07.28"]
[EventType "swiss"]
[EventRounds "10"]
[EventCountry "DEN"]
[Source "ChessBase"]
[SourceDate "2012.08.24"]

1. e4 c5 2. Nc3 Nc6 3. g3 g6 4. Bg2 Bg7 5. d3 e6 6. Be3 d6 7. Nge2 Nge7 8. d4
b6 9. Qd2 O-O 10. h4 e5 11. dxc5 dxc5 12. Nd5 Nxd5 13. exd5 Na5 14. b3 h5 15.
c4 Bf5 16. Rd1 Qd6 17. Nc3 a6 18. g4 Bxg4 19. Ne4 Qd8 20. f3 Bf5 21. Ng3 Nb7
22. d6 Qd7 23. Bh6 Rad8 24. Nxf5 Qxf5 25. Bxg7 Kxg7 26. d7 Na5 27. Qd5 Qf6 28.
Qd6 Nb7 29. Qc7 Rb8 30. Rd5 Rfd8 31. O-O Qxh4 32. Qxe5+ Qf6 33. f4 Qxe5 34.
fxe5 Rf8 35. Rf6 Nd8 36. Bh3 Rb7 37. a4 g5 38. Rdd6 g4 39. Bg2 Ra7 40. Rf5 Rh8
41. Rg5+ Kf8 42. Be4 Ke7 43. Bf5 Rb7 44. Kg2 b5 45. cxb5 axb5 46. a5 Ra7 47. a6
c4 48. b4 c3 49. Bc2 Ne6 50. Rf5 Rd8 51. Bb3 h4 52. Rd1 Rdxd7 53. Rdf1 Kd8 54.
Bxe6 fxe6 55. Rf8+ Kc7 56. Rc1 Rd2+ 57. Kf1 Rxa6 58. Rxc3+ Rc6 59. Rxc6+ Kxc6
60. Rf4 h3 61. Kg1 g3 0-1

[Event "34. Copenhagen Open (Politiken Cup)"]
[Site "Elsinore"]
[Date "2012.07.29"]
[Round "3"]
[White "Henningsen, Lasse"]
[Black "Thaler, Toni"]
[Result "0-1"]
[WhiteElo "1756"]
[BlackElo "2075"]
[PlyCount "56"]
[EventDate "2012.07.28"]
[EventType "swiss"]
[EventRounds "10"]
[EventCountry "DEN"]
[Source "ChessBase"]
[SourceDate "2012.08.24"]

1. e4 c5 2. c3 d6 3. d4 Nf6 4. Bd3 cxd4 5. cxd4 e5 6. Nf3 exd4 7. Nxd4 Nc6 8.
Nxc6 bxc6 9. O-O Be7 10. Nc3 O-O 11. f4 Re8 12. Qe2 Bf8 13. Bd2 Rb8 14. b3 d5
15. e5 Bc5+ 16. Kh1 Ng4 17. g3 Bd4 18. Bxh7+ Kh8 19. Bd3 g6 20. Rae1 Kg7 21.
Kg2 Nxh2 22. f5 Rxe5 23. f6+ Kg8 24. Qd1 Nxf1 25. Rxf1 Rh5 26. Rh1 Rxh1 27.
Kxh1 Qxf6 28. Qe1 Bg4 0-1

[Event "34. Copenhagen Open (Politiken Cup)"]
[Site "Elsinore"]
[Date "2012.07.29"]
[Round "3"]
[White "Inhoven, Stefan"]
[Black "Jacobsen, Fredrik Beer"]
[Result "1/2-1/2"]
[WhiteElo "2140"]
[BlackElo "1913"]
[PlyCount "103"]
[EventDate "2012.07.28"]
[EventType "swiss"]
[EventRounds "10"]
[EventCountry "DEN"]
[Source "ChessBase"]
[SourceDate "2012.08.24"]

1. c4 Nf6 2. g3 g6 3. Bg2 Bg7 4. Nc3 d6 5. e4 Nbd7 6. Nge2 a6 7. O-O O-O 8. d3
Rb8 9. a4 b6 10. h3 c6 11. b4 Bb7 12. Be3 e6 13. d4 c5 14. bxc5 bxc5 15. dxc5
Nxc5 16. Qc2 Qc7 17. Rab1 Nfd7 18. f4 Nb6 19. Rb4 Bc6 20. Nd4 Bxd4 21. Bxd4 a5
22. Nb5 Qd7 23. Rbb1 Ncxa4 24. Na3 Nc5 25. Qf2 Rfc8 26. Rfd1 Qa7 27. e5 Bxg2
28. Nb5 Qa8 29. Nxd6 Ne4 30. Qxg2 Nxd6 31. Qxa8 Rxa8 32. exd6 Nxc4 33. d7 Rd8
34. Bf6 Kf8 35. Rd4 Ne3 36. Bxd8 Rxd8 37. Rb7 Ke7 38. Ra7 Nd5 39. Ra4 Rxd7 40.
Rxd7+ Kxd7 41. Rxa5 Ke7 42. Kg2 Kf6 43. Kf3 h5 44. Rc5 Ne7 45. g4 hxg4+ 46.
hxg4 Nd5 47. Ke4 Ne7 48. Rc7 Nd5 49. Rb7 Nc3+ 50. Kd4 Ne2+ 51. Ke3 Nc3 52. Kd4
1/2-1/2

[Event "34. Copenhagen Open (Politiken Cup)"]
[Site "Elsinore"]
[Date "2012.07.29"]
[Round "3"]
[White "Jacobsen, Caroline Beer"]
[Black "Hansen, Tommy"]
[Result "1-0"]
[WhiteElo "1587"]
[BlackElo "1856"]
[PlyCount "120"]
[EventDate "2012.07.28"]
[EventType "swiss"]
[EventRounds "10"]
[EventCountry "DEN"]
[Source "ChessBase"]
[SourceDate "2012.08.24"]

1. e4 Nf6 2. e5 Nd5 3. d4 d6 4. Nf3 dxe5 5. Nxe5 c6 6. Bc4 Nd7 7. Nf3 N7b6 8.
Bb3 Bg4 9. O-O e6 10. h3 Bh5 11. Nbd2 Be7 12. Ne4 Qc7 13. Ng3 Bg6 14. Ne5 Nd7
15. Nxg6 hxg6 16. Re1 O-O-O 17. Bd2 Bh4 18. Ne4 Rh5 19. Nc3 N7f6 20. Qc1 Nb6
21. Ne2 Nfd5 22. c4 Ne7 23. Qc3 Bf6 24. Bf4 Qd7 25. Rad1 g5 26. Be5 Rdh8 27.
Ng3 Rh4 28. Ne4 Ng8 29. Qa5 Bxe5 30. dxe5 Qc7 31. Qxa7 Rxe4 32. Rxe4 f5 33.
exf6 Nxf6 34. Rxe6 g4 35. c5 Nbd7 36. Red6 gxh3 37. Qa8+ Qb8 38. Qxb8+ Nxb8 39.
Be6+ Kc7 40. Bxh3 Ne4 41. Rg6 Nxc5 42. Rxg7+ Kb6 43. Bg4 Nba6 44. Rd4 Re8 45.
Kf1 Ne6 46. Bxe6 Rxe6 47. b4 Re5 48. Rdd7 Nxb4 49. Rxb7+ Kc5 50. Ra7 Nd3 51.
Ra5+ Kb4 52. Rxe5 Nxe5 53. Re7 Nd3 54. Re6 c5 55. g4 c4 56. g5 c3 57. Rc6 Nc5
58. a3+ Kb5 59. Rxc5+ Kxc5 60. Ke1 Kc4 1-0

[Event "34. Copenhagen Open (Politiken Cup)"]
[Site "Elsinore"]
[Date "2012.07.29"]
[Round "3"]
[White "Jacobsen, Per"]
[Black "Henrichsen, Jens"]
[Result "0-1"]
[WhiteElo "1680"]
[BlackElo "1887"]
[PlyCount "66"]
[EventDate "2012.07.28"]
[EventType "swiss"]
[EventRounds "10"]
[EventCountry "DEN"]
[Source "ChessBase"]
[SourceDate "2012.08.24"]

1. b3 e5 2. Bb2 d6 3. e3 Nf6 4. Nf3 Be7 5. Be2 a5 6. c4 c6 7. c5 e4 8. cxd6
Bxd6 9. Ne5 Nbd7 10. Nc4 Be7 11. O-O O-O 12. d3 b5 13. Ncd2 exd3 14. Bxd3 Nc5
15. Be2 Bf5 16. Na3 Nd3 17. Bxd3 Bxd3 18. Re1 Bb4 19. Rc1 Rc8 20. Nc2 Bxc2 21.
Rxc2 Qe7 22. Bc3 Bxc3 23. Rxc3 Nd5 24. Rc2 Nb4 25. Rc3 Nxa2 26. Rc2 Nb4 27. Rc3
Rfd8 28. Qe2 Nd5 29. Rc2 Qe6 30. Nf3 Nb4 31. Nd4 Rxd4 32. exd4 Nxc2 33. Qxe6
fxe6 0-1

[Event "34. Copenhagen Open (Politiken Cup)"]
[Site "Elsinore"]
[Date "2012.07.29"]
[Round "3"]
[White "Jensen, Michael Agermose"]
[Black "Hansen, Verner"]
[Result "1-0"]
[WhiteElo "2113"]
[BlackElo "1878"]
[PlyCount "45"]
[EventDate "2012.07.28"]
[EventType "swiss"]
[EventRounds "10"]
[EventCountry "DEN"]
[Source "ChessBase"]
[SourceDate "2012.08.24"]

1. e4 d5 2. exd5 Qxd5 3. Nc3 Qa5 4. d4 c6 5. Bc4 Nf6 6. Qe2 Bf5 7. Bd2 e6 8. d5
cxd5 9. Nxd5 Qd8 10. Nxf6+ Qxf6 11. O-O-O Nc6 12. Bc3 Qg5+ 13. Kb1 Bb4 14. Nf3
Qe7 15. Bxg7 Rg8 16. Bh6 a6 17. Ne5 Nxe5 18. Qxe5 f6 19. Qe2 Kf7 20. Qh5+ Bg6
21. Qh3 Bf5 22. Qxf5 Rg6 23. Bxe6+ 1-0

[Event "34. Copenhagen Open (Politiken Cup)"]
[Site "Elsinore"]
[Date "2012.07.29"]
[Round "3"]
[White "Jensen, Morten Frank"]
[Black "Matthiesen, Martin"]
[Result "0-1"]
[WhiteElo "2037"]
[BlackElo "2285"]
[PlyCount "92"]
[EventDate "2012.07.28"]
[EventType "swiss"]
[EventRounds "10"]
[EventCountry "DEN"]
[Source "ChessBase"]
[SourceDate "2012.08.24"]

1. b3 e5 2. Bb2 Nc6 3. e3 Nf6 4. Bb5 Bd6 5. Ne2 O-O 6. O-O e4 7. Ng3 a6 8. Be2
Be5 9. Bxe5 Nxe5 10. d4 Ng6 11. c4 d6 12. Nc3 Qe7 13. Qc2 Re8 14. Rae1 Nh4 15.
f3 exf3 16. Bxf3 c6 17. e4 Ng6 18. Bd1 Bd7 19. Nf5 Qf8 20. Qf2 Bxf5 21. Qxf5 c5
22. dxc5 Re5 23. Qf2 dxc5 24. Bc2 Rae8 25. Qg3 Qe7 26. Nd5 Nxd5 27. cxd5 Rg5
28. d6 Rxg3 29. dxe7 Rc3 30. Rf2 Rxe7 31. Rd1 f6 32. Rd8+ Kf7 33. g4 Ne5 34. h3
Rxh3 35. Kg2 Nxg4 36. Rxf6+ Kxf6 37. Kxh3 Nf2+ 38. Kg2 Nxe4 39. Rf8+ Ke5 40.
Rf1 Nf6 41. Re1+ Kd6 42. Rd1+ Kc6 43. Kf3 Rd7 44. Rh1 Rd2 45. Bb1 h5 46. Ke3
Rd4 0-1

[Event "34. Copenhagen Open (Politiken Cup)"]
[Site "Elsinore"]
[Date "2012.07.29"]
[Round "3"]
[White "Jensen, Simon Stibolt"]
[Black "Marthedal, Anton Mehmet Yildiz"]
[Result "1-0"]
[WhiteElo "1687"]
[BlackElo "1334"]
[PlyCount "105"]
[EventDate "2012.07.28"]
[EventType "swiss"]
[EventRounds "10"]
[EventCountry "DEN"]
[Source "ChessBase"]
[SourceDate "2012.08.24"]

1. c4 e5 2. Nc3 Nf6 3. d3 Bc5 4. Bg5 Nc6 5. a3 Bxf2+ 6. Kd2 h6 7. Bxf6 Qxf6 8.
Nh3 Bd4 9. Nd5 Qd6 10. Kc1 Ne7 11. Nxe7 Qxe7 12. Qd2 d6 13. e3 Bb6 14. Nf2 Qg5
15. Nd1 Bg4 16. Be2 Bxe2 17. Qxe2 O-O 18. Rf1 f5 19. Rf3 h5 20. Rg3 Qh6 21. h4
Rf6 22. Rg5 g6 23. Nc3 c6 24. Kd2 Raf8 25. Na4 Bd8 26. Rg3 f4 27. exf4 Qxf4+
28. Qe3 Qf2+ 29. Qxf2 Rxf2+ 30. Kc3 Bxh4 31. Rxg6+ Kh7 32. Rxd6 Rxg2 33. Rd7+
Rg7 34. Rxg7+ Kxg7 35. Rh1 Rf4 36. Nc5 Kh6 37. Nxb7 Bf2 38. Na5 Kg5 39. Nxc6 h4
40. b4 Kg4 41. Nxe5+ Kg3 42. Ng6 Rg4 43. Nxh4 Rxh4 44. Rxh4 Kxh4 45. c5 Kg5 46.
Kc4 Kf6 47. Kb5 Ke6 48. Kc6 Be1 49. d4 Ke7 50. d5 Kd8 51. Kb7 a5 52. b5 Bg3 53.
b6 1-0

[Event "34. Copenhagen Open (Politiken Cup)"]
[Site "Elsinore"]
[Date "2012.07.29"]
[Round "3"]
[White "Jensen, Tobias Ilsoe"]
[Black "Franzen, Per Erik"]
[Result "0-1"]
[WhiteElo "1812"]
[BlackElo "2043"]
[PlyCount "78"]
[EventDate "2012.07.28"]
[EventType "swiss"]
[EventRounds "10"]
[EventCountry "DEN"]
[Source "ChessBase"]
[SourceDate "2012.08.24"]

1. d4 Nf6 2. c4 e6 3. Nc3 Bb4 4. a3 Bxc3+ 5. bxc3 d6 6. Nf3 c5 7. Qc2 Qa5 8.
Bd2 Nc6 9. e4 e5 10. d5 Ne7 11. h3 Bd7 12. Bd3 Ba4 13. Qc1 a6 14. O-O b5 15.
cxb5 c4 16. Bb1 Qxb5 17. Nh4 Rb8 18. Qe1 O-O 19. f4 Nd7 20. Qg3 Qb2 21. Ra2
Qxb1 22. Rxb1 Rxb1+ 23. Be1 exf4 24. Qxf4 Rxe1+ 25. Kf2 Ne5 26. Rd2 Rc1 27. Qe3
f5 28. exf5 Nxf5 29. Nxf5 Rxf5+ 30. Kg3 Rcf1 31. Qb6 Rf6 32. Qxa6 Bd7 33. Rb2
Rg6+ 34. Kh2 Bxh3 35. Rb8+ Kf7 36. Qa8 Ng4+ 37. Kg3 Ne3+ 38. Kh4 Nf5+ 39. Kh5
Bg4# 0-1

[Event "34. Copenhagen Open (Politiken Cup)"]
[Site "Elsinore"]
[Date "2012.07.29"]
[Round "3"]
[White "Jensen, Torben Brieghel"]
[Black "Christophersen, David"]
[Result "0-1"]
[WhiteElo "1514"]
[BlackElo "1832"]
[PlyCount "81"]
[EventDate "2012.07.28"]
[EventType "swiss"]
[EventRounds "10"]
[EventCountry "DEN"]
[Source "ChessBase"]
[SourceDate "2012.08.24"]

1. e4 d6 2. d4 Nf6 3. Nc3 g6 4. Nf3 Bg7 5. Be2 c5 6. dxc5 Qa5 7. O-O Qxc5 8.
Be3 Qb4 9. Nb5 Na6 10. e5 dxe5 11. Nxe5 Nd7 12. Nxf7 Kxf7 13. Qd5+ e6 14. Nd6+
Ke7 15. Nxc8+ Raxc8 16. Bg5+ Nf6 17. Qf3 Rxc2 18. a3 Qb6 19. b4 h6 20. Be3 Qc7
21. Rac1 Nd5 22. Bc5+ Rxc5 23. bxc5 Nxc5 24. Bc4 Qd6 25. Rcd1 Rf8 26. Qh3 Nf4
27. Qg4 Qc6 28. f3 Qa4 29. Rc1 b5 30. g3 bxc4 31. gxf4 Rf6 32. f5 exf5 33.
Rfe1+ Kf8 34. Rxc4 fxg4 35. Rxa4 Nxa4 36. fxg4 Rf4 37. h3 Bd4+ 38. Kh1 Nc3 39.
Re6 Rf1+ 40. Kg2 Rg1+ 41. Kh2 0-1

[Event "34. Copenhagen Open (Politiken Cup)"]
[Site "Elsinore"]
[Date "2012.07.29"]
[Round "3"]
[White "Jorgensen, Carina Eilegaard"]
[Black "Starostits, Ilmars"]
[Result "0-1"]
[WhiteElo "2039"]
[BlackElo "2494"]
[PlyCount "66"]
[EventDate "2012.07.28"]
[EventType "swiss"]
[EventRounds "10"]
[EventCountry "DEN"]
[Source "ChessBase"]
[SourceDate "2012.08.24"]

1. c4 e5 2. g3 Nc6 3. Bg2 g6 4. Nc3 Bg7 5. Nf3 f5 6. O-O d6 7. d3 Nge7 8. Ne1
O-O 9. f4 Be6 10. Nd5 Bf7 11. Nc2 Qd7 12. Rb1 Nxd5 13. cxd5 Ne7 14. e4 c6 15.
dxc6 bxc6 16. b3 a5 17. Na3 d5 18. fxe5 Bxe5 19. Kh1 Be6 20. d4 Bg7 21. e5 h6
22. h4 Rac8 23. Re1 f4 24. Bxf4 Nf5 25. Qd2 Qf7 26. Rf1 g5 27. hxg5 hxg5 28.
Bxg5 Nxg3+ 29. Kg1 Nxf1 30. Rxf1 Qh5 31. Bf4 Rf7 32. Nc2 Rcf8 33. Ne1 Qg4 0-1

[Event "34. Copenhagen Open (Politiken Cup)"]
[Site "Elsinore"]
[Date "2012.07.29"]
[Round "3"]
[White "Justinussen, Sigurd B"]
[Black "Skou, Niels"]
[Result "0-1"]
[WhiteElo "1952"]
[BlackElo "2150"]
[PlyCount "80"]
[EventDate "2012.07.28"]
[EventType "swiss"]
[EventRounds "10"]
[EventCountry "DEN"]
[Source "ChessBase"]
[SourceDate "2012.08.24"]

1. e4 c5 2. Nf3 d6 3. c3 Nf6 4. Be2 Nc6 5. d3 e6 6. Bg5 Be7 7. Nbd2 h6 8. Bh4
Bd7 9. O-O O-O 10. Re1 Re8 11. Rc1 b5 12. d4 cxd4 13. cxd4 Qb6 14. e5 Nd5 15.
Bxe7 Ncxe7 16. Ne4 dxe5 17. dxe5 Ng6 18. Qb3 a6 19. Red1 Red8 20. Rd2 Rac8 21.
Rcd1 Bc6 22. Qa3 Bb7 23. Nd6 Rc7 24. Ne4 Ra8 25. Qd6 Rc6 26. Qa3 a5 27. b3 Ba6
28. Qb2 Rac8 29. Nd6 R8c7 30. Nd4 Rc5 31. Ne4 Nc3 32. Nxc3 Rxc3 33. Nf3 Bb7 34.
Rd6 Qc5 35. Nd4 Nxe5 36. Nxb5 Rc2 37. Rd8+ Kh7 38. Qb1 Be4 39. R8d2 Rxd2 40.
Qxe4+ f5 0-1

[Event "34. Copenhagen Open (Politiken Cup)"]
[Site "Elsinore"]
[Date "2012.07.29"]
[Round "3"]
[White "Karlsson, Robin"]
[Black "Kristiansen, Jens"]
[Result "0-1"]
[WhiteElo "1978"]
[BlackElo "2426"]
[PlyCount "62"]
[EventDate "2012.07.28"]
[EventType "swiss"]
[EventRounds "10"]
[EventCountry "DEN"]
[Source "ChessBase"]
[SourceDate "2012.08.24"]

1. d4 Nf6 2. c4 d6 3. Nf3 g6 4. Nc3 Bf5 5. g3 Bg7 6. Bg2 c6 7. O-O O-O 8. Nh4
Be6 9. d5 cxd5 10. cxd5 Bd7 11. e4 Na6 12. Be3 Qa5 13. a3 Rfc8 14. h3 Rc4 15.
Qe2 b5 16. a4 Nc5 17. axb5 Qb4 18. b6 a5 19. Rfb1 Nfxe4 20. Bf1 Rxc3 21. bxc3
Nxc3 22. Qc2 Nxb1 23. Rxb1 Qc3 24. Qxc3 Bxc3 25. Bxc5 dxc5 26. b7 Rb8 27. Ba6
a4 28. g4 a3 29. Bc4 Bb2 30. Re1 Rxb7 31. Rxe7 Bf6 0-1

[Event "34. Copenhagen Open (Politiken Cup)"]
[Site "Elsinore"]
[Date "2012.07.29"]
[Round "3"]
[White "Klings, Peter"]
[Black "Schandorff, Lars"]
[Result "0-1"]
[WhiteElo "2178"]
[BlackElo "2516"]
[PlyCount "118"]
[EventDate "2012.07.28"]
[EventType "swiss"]
[EventRounds "10"]
[EventCountry "DEN"]
[Source "ChessBase"]
[SourceDate "2012.08.24"]

1. e4 e5 2. Bc4 Nf6 3. d3 Nc6 4. Nf3 Bc5 5. c3 O-O 6. O-O d5 7. exd5 Nxd5 8.
Nbd2 Nb6 9. Bb5 Bd6 10. Re1 Bg4 11. h3 Bh5 12. Ne4 Re8 13. Ng3 Bg6 14. d4 exd4
15. Rxe8+ Qxe8 16. Nxd4 Rd8 17. Bg5 f6 18. Bh4 Bc5 19. Ngf5 Bxd4 20. Nxd4 Qe4
21. Bxc6 bxc6 22. Qg4 Na4 23. f3 Qxg4 24. hxg4 c5 25. Nc6 Rd2 26. Nxa7 Rxb2 27.
Bf2 Nxc3 28. a4 Ne2+ 29. Kh1 c4 30. Nb5 c3 31. Na3 c2 32. Nxc2 Rxc2 33. a5 Rc1+
34. Rxc1 Nxc1 35. Bb6 Bd3 36. Bxc7 Nb3 37. Kg1 Kf7 38. Kf2 Ke6 39. Ke3 Bf1 40.
g3 Kd5 41. Bd8 Ba6 42. Bb6 Bb5 43. Bd8 Nd4 44. Bb6 Nc6 45. Bc7 Ba6 46. Bb6 Ne5
47. Bd8 Kd6 48. g5 fxg5 49. Bxg5 Nc4+ 50. Ke4 Bb7+ 51. Kf4 Nxa5 52. Kg4 Nc4 53.
f4 Ne3+ 54. Kh3 Bc8+ 55. Kh2 Kd5 56. Kg1 Ke4 57. Kf2 Bg4 58. Bd8 Nd1+ 59. Kg2
Kd3 0-1

[Event "34. Copenhagen Open (Politiken Cup)"]
[Site "Elsinore"]
[Date "2012.07.29"]
[Round "3"]
[White "Kopperberg, Steen"]
[Black "Hansen, Rasmus Agertoft"]
[Result "0-1"]
[WhiteElo "1795"]
[BlackElo "1946"]
[PlyCount "62"]
[EventDate "2012.07.28"]
[EventType "swiss"]
[EventRounds "10"]
[EventCountry "DEN"]
[Source "ChessBase"]
[SourceDate "2012.08.24"]

1. d4 f5 2. Nf3 Nf6 3. c3 g6 4. Bg5 Ne4 5. Bf4 d6 6. Nbd2 Bg7 7. Nxe4 fxe4 8.
Nd2 O-O 9. e3 d5 10. Qb3 e6 11. Bg3 a5 12. c4 a4 13. Qc2 c6 14. Bxb8 Rxb8 15.
cxd5 exd5 16. Qxa4 Qh4 17. g3 Qf6 18. f4 exf3 19. O-O-O Bh6 20. Qb3 Kh8 21. Kb1
Ra8 22. e4 Qxd4 23. Qd3 Qa4 24. Qb3 Bxd2 25. Qxa4 Rxa4 26. Rxd2 dxe4 27. b3 Rb4
28. Bc4 e3 29. Rd4 f2 30. Rf4 Rxf4 31. gxf4 Rxc4 0-1

[Event "34. Copenhagen Open (Politiken Cup)"]
[Site "Elsinore"]
[Date "2012.07.29"]
[Round "3"]
[White "Kyrkjebo, Erlend"]
[Black "Rasmussen, Henning Lau"]
[Result "1-0"]
[WhiteElo "2035"]
[BlackElo "1789"]
[PlyCount "81"]
[EventDate "2012.07.28"]
[EventType "swiss"]
[EventRounds "10"]
[EventCountry "DEN"]
[Source "ChessBase"]
[SourceDate "2012.08.24"]

1. e4 e6 2. d4 d5 3. Nd2 c5 4. exd5 Qxd5 5. Ngf3 cxd4 6. Bc4 Qd6 7. O-O Nf6 8.
Nb3 Nc6 9. Nbxd4 Nxd4 10. Nxd4 a6 11. c3 Qc7 12. Bd3 Bd6 13. Nf3 O-O 14. Re1 b6
15. Qa4 g6 16. Qh4 Nh5 17. Bh6 Re8 18. Ng5 Be7 19. Be4 Bb7 20. Bxb7 Qxb7 21.
Qg4 Bxg5 22. Qxg5 f6 23. Qg4 e5 24. Rad1 Qf7 25. Rd7 Re7 26. Red1 Rae8 27. Rxe7
Qxe7 28. Rd7 Qe6 29. Qd1 f5 30. b3 Nf6 31. Rd6 Qf7 32. Rxb6 Re6 33. Qd8+ Ne8
34. Rb8 Qe7 35. Qxe7 Rxe7 36. c4 Kf7 37. Be3 Rd7 38. Kf1 f4 39. Bb6 e4 40. Ke2
g5 41. c5 1-0

[Event "34. Copenhagen Open (Politiken Cup)"]
[Site "Elsinore"]
[Date "2012.07.29"]
[Round "3"]
[White "Kyrkjebo, Hanna Bakken"]
[Black "Alfven, Jorgen"]
[Result "0-1"]
[WhiteElo "1536"]
[BlackElo "1848"]
[PlyCount "98"]
[EventDate "2012.07.28"]
[EventType "swiss"]
[EventRounds "10"]
[EventCountry "DEN"]
[Source "ChessBase"]
[SourceDate "2012.08.24"]

1. e4 c5 2. Nc3 Nc6 3. g3 g6 4. Bg2 Bg7 5. d3 d6 6. f4 e6 7. Nf3 Rb8 8. Be3 b6
9. O-O Nge7 10. d4 Ba6 11. Re1 O-O 12. Rb1 Qc7 13. d5 exd5 14. Nxd5 Nxd5 15.
Qxd5 Ne7 16. Qd2 Rbd8 17. Ng5 h6 18. Nh3 d5 19. exd5 Bc4 20. b3 Bxd5 21. Qe2
Rfe8 22. Qf1 Qc6 23. Rbd1 Nf5 24. Bf2 Nd4 25. Rxe8+ Rxe8 26. Bxd5 Qxd5 27. Bxd4
Bxd4+ 28. Nf2 Qf3 29. Rd3 Qe2 30. a4 Qxc2 31. Rf3 Re2 32. h3 Rxf2 33. Rxf2 Qxb3
34. Kg2 Bxf2 35. Qxf2 Qxa4 36. Qe2 Qc6+ 37. Kh2 c4 38. Qd1 c3 39. Qd8+ Kg7 40.
Qd4+ Qf6 41. Qc4 a6 42. Qd3 b5 43. Qe4 b4 44. Qc2 Qd4 45. Kh1 Qd2 46. Qe4 c2
47. Qe5+ Kh7 48. Qa1 c1=Q+ 49. Qxc1 Qxc1+ 0-1

[Event "34. Copenhagen Open (Politiken Cup)"]
[Site "Elsinore"]
[Date "2012.07.29"]
[Round "3"]
[White "L'Ami, Alina"]
[Black "Percivaldi, Martin"]
[Result "1-0"]
[WhiteElo "2372"]
[BlackElo "2015"]
[PlyCount "77"]
[EventDate "2012.07.28"]
[EventType "swiss"]
[EventRounds "10"]
[EventCountry "DEN"]
[Source "ChessBase"]
[SourceDate "2012.08.24"]

1. d4 d5 2. c4 c6 3. Nf3 Nf6 4. Nc3 e6 5. Bg5 Nbd7 6. e3 Be7 7. Qc2 O-O 8. Rd1
h6 9. Bf4 dxc4 10. Bxc4 b5 11. Be2 Bb7 12. O-O Qb6 13. e4 a6 14. e5 Nd5 15.
Nxd5 cxd5 16. Bd3 Rac8 17. Qd2 f5 18. exf6 Bxf6 19. Bb1 Rf7 20. Rfe1 b4 21. Qd3
Nf8 22. Ne5 Bxe5 23. Bxe5 a5 24. Qg3 Rc6 25. Bf4 Rf6 26. Be5 Rf7 27. h3 Qd8 28.
Rc1 Qd7 29. Rxc6 Bxc6 30. Rc1 Qe8 31. Bc7 a4 32. Qd6 Bd7 33. Qxb4 g5 34. Be5
Qa8 35. Qd2 Qa6 36. h4 Nh7 37. Bg6 Rf8 38. Bxh7+ Kxh7 39. Qc2+ 1-0

[Event "34. Copenhagen Open (Politiken Cup)"]
[Site "Elsinore"]
[Date "2012.07.29"]
[Round "3"]
[White "L'Ami, Erwin"]
[Black "Gandrud, Vegar Koi"]
[Result "1-0"]
[WhiteElo "2615"]
[BlackElo "2259"]
[PlyCount "95"]
[EventDate "2012.07.28"]
[EventType "swiss"]
[EventRounds "10"]
[EventCountry "DEN"]
[Source "ChessBase"]
[SourceDate "2012.08.24"]

1. Nf3 d5 2. d4 e6 3. c4 Nf6 4. Nc3 Be7 5. Bg5 O-O 6. e3 b6 7. Be2 Bb7 8. Bxf6
Bxf6 9. cxd5 exd5 10. b4 c5 11. bxc5 bxc5 12. Rb1 Ba6 13. O-O Bxe2 14. Nxe2
cxd4 15. Nfxd4 Na6 16. Qa4 Nc5 17. Qa3 Ne4 18. Rfd1 Qd7 19. Ng3 Rab8 20. Nxe4
dxe4 21. Nb3 Qe7 22. Qxe7 Bxe7 23. Rd7 Bc5 24. g4 g6 25. g5 Rfe8 26. h4 h6 27.
Rbd1 Bb6 28. gxh6 Rbd8 29. R1d5 Rxd7 30. Rxd7 a6 31. Kg2 Bd8 32. Kg3 Bf6 33.
Ra7 Re5 34. Rxa6 Rf5 35. Nd2 Be5+ 36. Kg2 Rh5 37. Ra8+ Kh7 38. Nxe4 Kxh6 39.
Ng5 Kg7 40. Ra7 Rxh4 41. f4 Bb2 42. Rxf7+ Kg8 43. Rc7 Rg4+ 44. Kf2 Rh4 45. a4
Rh1 46. Rc6 Kg7 47. a5 Ra1 48. a6 1-0

[Event "34. Copenhagen Open (Politiken Cup)"]
[Site "Elsinore"]
[Date "2012.07.29"]
[Round "3"]
[White "Haagen Larsen, Hans"]
[Black "Yildiz, Hasan"]
[Result "0-1"]
[WhiteElo "1775"]
[BlackElo "2029"]
[PlyCount "52"]
[EventDate "2012.07.28"]
[EventType "swiss"]
[EventRounds "10"]
[EventCountry "DEN"]
[Source "ChessBase"]
[SourceDate "2012.08.24"]

1. d4 Nf6 2. Nf3 g6 3. Bf4 d6 4. h3 Bg7 5. e3 O-O 6. Be2 c5 7. c3 Nbd7 8. Qb3
a6 9. a4 b6 10. O-O Bb7 11. Nbd2 Qc7 12. Rfd1 h6 13. Rac1 Kh7 14. c4 Nh5 15.
Bh2 f5 16. d5 Rf7 17. e4 f4 18. Qc2 Raf8 19. Nh4 Ne5 20. Ndf3 Bf6 21. g4 fxg3
22. fxg3 Qd7 23. Kg2 Bc8 24. Nxe5 Qxh3+ 25. Kg1 Bxe5 26. Bxh5 Bd4+ 0-1

[Event "34. Copenhagen Open (Politiken Cup)"]
[Site "Elsinore"]
[Date "2012.07.29"]
[Round "3"]
[White "Larsen, Peter"]
[Black "Halkias, Stelios"]
[Result "0-1"]
[WhiteElo "2206"]
[BlackElo "2570"]
[PlyCount "58"]
[EventDate "2012.07.28"]
[EventType "swiss"]
[EventRounds "10"]
[EventCountry "DEN"]
[Source "ChessBase"]
[SourceDate "2012.08.24"]

1. d4 Nf6 2. c4 e6 3. g3 d5 4. Nf3 Bb4+ 5. Bd2 Bd6 6. Nc3 O-O 7. Bg2 Nbd7 8. c5
Be7 9. O-O c6 10. Qc2 b6 11. b4 a5 12. a3 Ba6 13. Rfb1 Qc8 14. e4 Nxe4 15. Nxe4
dxe4 16. Qxe4 axb4 17. Bg5 Nf6 18. Bxf6 Bxf6 19. cxb6 Bb7 20. Qe3 c5 21. dxc5
Bxa1 22. Rxa1 Ra5 23. Rc1 Rxa3 24. Qe2 Qa8 25. Nh4 Bxg2 26. Nxg2 Ra1 27. Rxa1
Qxa1+ 28. Ne1 b3 29. Kg2 b2 0-1